MARC details
| 000 -CABECERA |
| campo de control de longitud fija |
01981nam a22002417a 4500 |
| 008 - DATOS DE LONGITUD FIJA--INFORMACIÓN GENERAL |
| campo de control de longitud fija |
251013b |||||||| |||| 00| 0 eng d |
| 020 ## - NÚMERO INTERNACIONAL ESTÁNDAR DEL LIBRO |
| Número Internacional Estándar del Libro |
9780316365550 |
| 040 ## - FUENTE DE LA CATALOGACIÓN |
| Centro/agencia transcriptor |
tbs |
| 041 ## - CÓDIGO DE LENGUA |
| Código de lengua del texto/banda sonora o título independiente |
eng |
| 050 ## - SIGNATURA TOPOGRÁFICA DE LA BIBLIOTECA DEL CONGRESO |
| Número de clasificación |
BJ1499.R4 |
| Número de documento/Ítem |
H475 2024 |
| 100 ## - ENTRADA PRINCIPAL--NOMBRE DE PERSONA |
| Nombre de persona |
Hersey, Tricia |
| 9 (RLIN) |
26128 |
| Término indicativo de función/relación |
author |
| 245 ## - MENCIÓN DE TÍTULO |
| Título |
We will rest! |
| Resto del título |
: the art of escape |
| Mención de responsabilidad, etc. |
/ Tricia Hersey ; art by George McCalman. |
| 260 ## - PUBLICACIÓN, DISTRIBUCIÓN, ETC. |
| Lugar de publicación, distribución, etc. |
New York, NY : |
| Nombre del editor, distribuidor, etc. |
Little, Brown Spark, |
| Fecha de publicación, distribución, etc. |
2024. |
| 300 ## - DESCRIPCIÓN FÍSICA |
| Extensión |
151 pages : |
| Otras características físicas |
illustrations ; |
| Dimensiones |
19 cm. |
| 520 ## - SUMARIO, ETC. |
| Sumario, etc. |
Escape from grind culture and dehumanizing systems with this visionary guide from the author of the New York Times bestseller Rest Is Resistance. We don't believe we are worthy of rest unless we burn ourselves out to accomplish it. Our thinking has been limited by disconnection, sleep deprivation, and the unattainable call for perfection. The systems will never give us rest. It is something we must create for ourselves and each other. Just as the North Star guided the enslaved on their journeys to freedom, visionary artist and founder of The Nap Ministry Tricia Hersey leads us to imagine a new world: one in which we subvert the narrative of productivity at all costs and embrace rest as a healing spiritual practice. Inspired by vintage hymnals, prayer books, and abolitionist pamphlets, We Will Rest! is a modern sacred object, medicine for a sick and exhausted world. Weaving together meditations and poetry with storytelling and powerful art, Hersey provokes liberation through refusal and trickster rebellion in the face of capitalism and white supremacy. There is another way. Focus on the escape. Focus on the transformation. We can just be. We are beautiful. We are enough. We are escape artists. We Will Rest! |
| 650 #0 - PUNTO DE ACCESO ADICIONAL DE MATERIA--TÉRMINO DE MATERIA |
| Término de materia o nombre geográfico como elemento de entrada |
Rest |
| 9 (RLIN) |
26129 |
| 650 #0 - PUNTO DE ACCESO ADICIONAL DE MATERIA--TÉRMINO DE MATERIA |
| Término de materia o nombre geográfico como elemento de entrada |
Mind and body |
| 9 (RLIN) |
11131 |
| 650 #0 - PUNTO DE ACCESO ADICIONAL DE MATERIA--TÉRMINO DE MATERIA |
| Término de materia o nombre geográfico como elemento de entrada |
Self-realization |
| 9 (RLIN) |
6708 |
| 650 #0 - PUNTO DE ACCESO ADICIONAL DE MATERIA--TÉRMINO DE MATERIA |
| Término de materia o nombre geográfico como elemento de entrada |
Self-actualization (Psychology) |
| 9 (RLIN) |
7023 |
| 655 #0 - TÉRMINO DE INDIZACIÓN--GÉNERO/FORMA |
| Datos o término principal de género/forma |
Self-help publications |
| 9 (RLIN) |
23836 |
| 700 ## - ENTRADA AGREGADA--NOMBRE PERSONAL |
| Nombre de persona |
McCalman, George |
| 9 (RLIN) |
26130 |
| Término indicativo de función/relación |
artist |
| 942 ## - ELEMENTOS DE ENTRADA AGREGADA (KOHA) |
| Fuente del sistema de clasificación o colocación |
Clasificación de Library of Congress |